01177cam a22002651 4500001001300000003000400013005001700017008004100034010001700075035001800092040006700110042001200177050002700189051001600216082001200232100003500244245004500279260009200324300003200416490006600448501027800514504003000792650002200822830006700844hew59000038 DLC20260227111509.0731206s1959 dcua b 000 0 eng c ahew59000038  a(OCoLC)755641 aU.S. Dept. of Health, Education, and WelfarecOClUdOCoLCdDLC apremarc00aL111b.A6 1959, no. 11 aLA1312b.A7 a370.9521 aAnderson, Ronald Stone,d1908-00aJapan, three epochs of modern education. a[Washington]bU.S. Dept. of Health, Education, and Welfare, Office of Educationc[1959] axii, 219 p.billus.c24 cm.1 aBulletin / United States. Office of Education ;v1959, no. 11 aCopies 1 and 2 of L111.A6 with: Status of preparation programs for guidance and student personnel workers / Paul MacMinn and Roland G. Ross. Washington : U.S. Dept. of Health, Education, and Welfare, Office of Education, 1959. Bound together subsequent to publication.5DLC aBibliography: p. 209-214. 0aEducationzJapan. 0aBulletin (United States. Office of Education) ;v1959, no. 11.